00530nam a2200193Ia 4500001001000000003000500010008004100015010001100056040000900067082001700076100002100093245008700114260003500201300001100236650001500247650003500262650002500297700001400322Para_1820CHAP220125s1992 xx 000 0 und d a200433 cCHAP aPA 632.96 L6 aLomer, C.J., ed. aBiological control of lociests and groshoppers /c by C.J. Lomer and C. Prior, ed aNigeria :b CAB International a394 p. aChapulines aControl biológico de plagas  aLangosta como plaga  aPrior, C.